Do You Really Know the TV Show Friends? Part 6 - Statistics

General Stats
  • This quiz has been taken 360 times
  • The average score is 9 of 15
Answer Stats
Question Answer % Correct
What kind of food does Phoebe not eat? Meat
99%
What kind of porn does Monica think Chandler likes watching? Shark
86%
What is Joey's agent's name? Estelle
82%
Which actor is Joey supposed to butt double for? Al Pacino
81%
Ross claims to have a martial arts super instinct sense called what (also known as a salmon spring roll)? Unagi
77%
What is the name of Joey's favorite stuffed animal? Hugsy
70%
What is Ross allergic to? Kiwi
69%
Ben was named after who? Hospital janitor
62%
What does Monica hope to do to her parents on their anniversary? Make them cry
57%
What award does Joey win? Soapie
55%
What does Rachel dress Emma up as for her beauty contest? Cowgirl
52%
What nickname did Ross give Chandler after his toe gets cut off? Sir Limps-a-lot
37%
What jobs do the adoption company think Monica and Chandler have? Minister and Doctor
31%
What food item does Monica's mom keep in the freezer in case she "pulls a Monica"? Frozen Lasagna
13%
In their alternate reality, what is Chandler's job? Newspaper comics writer
5%
No matching quizzes found
Score Distribution
Percent of People with Each Score
Percentile by Number Answered
Your Score History
You have not taken this quiz